000 00510nmm a2200133Ia 4500
008 251105s9999||||xx |||||||||||||||||und||
041 _aspa
245 0 _aGestión y restauración de ecosistemas forestales tras los incendios: nuevos retos y avances para el desarrollo rural
264 _a[Madrid, España] :
_bPublicaciones de la Universidad de Valencia (PUV),
_c2015
300 _a292 páginas
650 _aEnvironmental Sciences
856 _uhttps://public.digitaliapublishing.com/a/35371
942 _cCF
999 _c105767
_d105767